000
00307nam a22001217a 4500
082
_a
823
_b
BLY/F
100
_a
BLYTON, ENID
245
_a
FAMOUS FIVE FALL INTO ADVENTURE
246
_a
FAMOUS FIVE FALL INTO ADVENTURE
_b
FAMOUS FIVE FALL INTO ADVENTURE
260
_a
U K
650
_a
ENGLISH STORY
942
_c
BK
999
_c
8952
_d
8952